| 000 | 00514nam a22002297a 4500 | ||
|---|---|---|---|
| 001 | 28278 | ||
| 003 | UA-OsUOA | ||
| 005 | 20210802093225.0 | ||
| 007 | ta | ||
| 008 | 20050315b un ||||| |||| 00| 0 ukr d | ||
| 040 |
_aUA-OsUOA _brus _cUA-OsUOA _dUA-OsUOA |
||
| 041 | _arus | ||
| 044 | _aUA | ||
| 080 | _a94(477-25) | ||
| 090 |
_a94(477-25) _bИ90 |
||
| 245 | _aИстория Киева | ||
| 260 | _c1964 | ||
| 300 |
_a819 с. _bил. |
||
| 650 | 7 |
_2UDC _a94 Історія |
|
| 942 |
_cBK _2udc |
||
| 955 | _a2 | ||
| 999 |
_c314641 _d314641 |
||